<?xml version="1.0" encoding="UTF-8"?>
<record
    xmlns:xsi="http://www.w3.org/2001/XMLSchema-instance"
    xsi:schemaLocation="http://www.loc.gov/MARC21/slim http://www.loc.gov/standards/marcxml/schema/MARC21slim.xsd"
    xmlns="http://www.loc.gov/MARC21/slim">

  <leader>02480nam a2200337 i 4500</leader>
  <controlfield tag="003">DO-SdBNP</controlfield>
  <controlfield tag="005">20251001085958.0</controlfield>
  <controlfield tag="007">ta</controlfield>
  <controlfield tag="008">250910b2021    dr abc|| |||| 00| 0 spa d</controlfield>
  <datafield tag="040" ind1=" " ind2=" ">
    <subfield code="a">DO-SdBNP</subfield>
    <subfield code="b">spa</subfield>
    <subfield code="c">BNPHU</subfield>
    <subfield code="e">rda</subfield>
  </datafield>
  <datafield tag="041" ind1=" " ind2=" ">
    <subfield code="a">spa</subfield>
  </datafield>
  <datafield tag="082" ind1=" " ind2="4">
    <subfield code="a">324.697293</subfield>
    <subfield code="b">R426r 2020</subfield>
    <subfield code="2">22</subfield>
  </datafield>
  <datafield tag="110" ind1="2" ind2=" ">
    <subfield code="a">Rep&#xFA;blica Dominicana.</subfield>
    <subfield code="b">Junta Central Electoral</subfield>
    <subfield code="9">64605</subfield>
  </datafield>
  <datafield tag="245" ind1="1" ind2="0">
    <subfield code="a">Resultados electorales 2020 :</subfield>
    <subfield code="b">elecciones extraordinarias generales municipales del 15 de marzo del 2020. elecciones extraordinaria generales presidenciales, senatoriales y de diputaciones del 5 de julio del 2020 /</subfield>
    <subfield code="c">presentaci&#xF3;n, Rom&#xE1;n Andr&#xE9;s J&#xE1;quez Liranzo ; edici&#xF3;n y coordinaci&#xF3;n, Mario E. N&#xFA;&#xF1;ez Valdez ; dise&#xF1;o, maquetaci&#xF3;n y arte final, Dioni H. Pe&#xF1;a De Le&#xF3;n ; dise&#xF1;o portada, Gabriel Pe&#xF1;a P&#xE9;rez ; revisi&#xF3;n, Jorge Luis Capell&#xE1;n.

</subfield>
  </datafield>
  <datafield tag="264" ind1=" " ind2="4">
    <subfield code="a">Santo Domingo, Rep&#xFA;blica Dominicana :</subfield>
    <subfield code="b">Junta Central Electoral,</subfield>
    <subfield code="c">&#xA9;2021.</subfield>
  </datafield>
  <datafield tag="300" ind1=" " ind2=" ">
    <subfield code="a">583 p&#xE1;ginas :</subfield>
    <subfield code="b">ilustraciones, fotograf&#xED;as, graficas, mapas ;</subfield>
    <subfield code="c">35 cm.</subfield>
  </datafield>
  <datafield tag="336" ind1=" " ind2=" ">
    <subfield code="a">texto</subfield>
    <subfield code="b">txt</subfield>
    <subfield code="2">rdacontent</subfield>
  </datafield>
  <datafield tag="337" ind1=" " ind2=" ">
    <subfield code="a">sin mediaci&#xF3;n </subfield>
    <subfield code="b">n</subfield>
    <subfield code="2">rdamedia</subfield>
  </datafield>
  <datafield tag="338" ind1=" " ind2=" ">
    <subfield code="a">volumen</subfield>
    <subfield code="b">nc</subfield>
    <subfield code="2">rdacarrier</subfield>
  </datafield>
  <datafield tag="505" ind1=" " ind2=" ">
    <subfield code="a">Resultados electorales 2020, iii -- Visi&#xF3;n, v -- Misi&#xF3;n, v -- Presentaci&#xF3;n, ii -- Bolet&#xED;n de los niveles presidencial, senatorial, de diputaciones, en el exterior y municipales,1 -- Mapas de los niveles municipal y congresional, 13 -- Estad&#xED;sticas del proceso electoral, 17 -- Detalles del nivel municipal con alianzas y sin alianzas de partidos pol&#xED;ticos, 27 -- Detalle del nivel presidencial con alianzas y sin alianzas de partidos pol&#xED;ticos, 89 -- Detalle del nivel senatorial con alianzas y sin alianzas y partidos pol&#xED;ticos, 117 -- Detalle del nivel de diputaciones con alianzas y sin alianzas y partidos pol&#xED;ticos, 141 -- Detalle de diputadas en el exterior, 169 -- Resultados del nivel municipal por demarcaciones, 177 </subfield>
  </datafield>
  <datafield tag="590" ind1=" " ind2=" ">
    <subfield code="a">Inventariado, 2025 /LP</subfield>
  </datafield>
  <datafield tag="650" ind1=" " ind2="1">
    <subfield code="a">Resultados de elecciones</subfield>
    <subfield code="9">88649</subfield>
    <subfield code="y">2020</subfield>
    <subfield code="z">Rep&#xFA;blica Dominica</subfield>
  </datafield>
  <datafield tag="650" ind1=" " ind2="1">
    <subfield code="a">Presidentes</subfield>
    <subfield code="9">84055</subfield>
    <subfield code="x">Elecci&#xF3;n </subfield>
    <subfield code="y">2020</subfield>
    <subfield code="z">Rep&#xFA;blica Dominica</subfield>
  </datafield>
  <datafield tag="700" ind1="1" ind2=" ">
    <subfield code="a">J&#xE1;quez Liranzo, Ram&#xF3;n Andr&#xE9;s</subfield>
    <subfield code="e">presentador </subfield>
    <subfield code="4">pr.</subfield>
    <subfield code="9">88616</subfield>
  </datafield>
  <datafield tag="700" ind1="1" ind2=" ">
    <subfield code="a">N&#xFA;&#xF1;ez Valdez, Mario E.</subfield>
    <subfield code="e">coordinador</subfield>
    <subfield code="4">coord. </subfield>
    <subfield code="9">88617</subfield>
  </datafield>
  <datafield tag="700" ind1="1" ind2=" ">
    <subfield code="a">Pe&#xF1;a De Le&#xF3;n, Dioni H. </subfield>
    <subfield code="e">dise&#xF1;o</subfield>
    <subfield code="4">dis.</subfield>
    <subfield code="9">88621</subfield>
  </datafield>
  <datafield tag="700" ind1="1" ind2=" ">
    <subfield code="a">Pe&#xF1;a P&#xE9;rez, Gabriel,</subfield>
    <subfield code="e">dise&#xF1;o portada,</subfield>
    <subfield code="4">dis.</subfield>
    <subfield code="9">88622</subfield>
  </datafield>
  <datafield tag="700" ind1="1" ind2=" ">
    <subfield code="a">Jorge Luis Capell&#xE1;n,</subfield>
    <subfield code="e"> revisado</subfield>
    <subfield code="4">rev.</subfield>
    <subfield code="9">88623</subfield>
  </datafield>
  <datafield tag="910" ind1=" " ind2=" ">
    <subfield code="a">LP. Validado. Control de calidad/MAA</subfield>
  </datafield>
  <datafield tag="942" ind1=" " ind2=" ">
    <subfield code="2">ddc</subfield>
    <subfield code="c">LBS1</subfield>
  </datafield>
  <datafield tag="952" ind1=" " ind2=" ">
    <subfield code="0">0</subfield>
    <subfield code="1">0</subfield>
    <subfield code="2">ddc</subfield>
    <subfield code="5">1</subfield>
    <subfield code="7">0</subfield>
    <subfield code="8">PD</subfield>
    <subfield code="a">BNPHU</subfield>
    <subfield code="b">BNPHU</subfield>
    <subfield code="c">HD</subfield>
    <subfield code="d">2023-11-08</subfield>
    <subfield code="e">Donado por Junta Central Electoral</subfield>
    <subfield code="l">0</subfield>
    <subfield code="o">BNPHU PD 324.697293 R426re 2020	</subfield>
    <subfield code="p">2025-9873</subfield>
    <subfield code="r">2025-09-10</subfield>
    <subfield code="w">2025-09-10</subfield>
    <subfield code="y">LBS1</subfield>
  </datafield>
  <datafield tag="952" ind1=" " ind2=" ">
    <subfield code="0">0</subfield>
    <subfield code="1">0</subfield>
    <subfield code="2">ddc</subfield>
    <subfield code="5">1</subfield>
    <subfield code="7">0</subfield>
    <subfield code="8">PD</subfield>
    <subfield code="a">BNPHU</subfield>
    <subfield code="b">BNPHU</subfield>
    <subfield code="c">HD</subfield>
    <subfield code="d">2023-11-08</subfield>
    <subfield code="e">Donado por Junta Central Electoral</subfield>
    <subfield code="l">0</subfield>
    <subfield code="o">BNPHU PD 324.697293 R426re 2020</subfield>
    <subfield code="p">2025-9874</subfield>
    <subfield code="r">2025-09-10</subfield>
    <subfield code="t">e.2</subfield>
    <subfield code="w">2025-09-10</subfield>
    <subfield code="y">LBS1</subfield>
  </datafield>
  <datafield tag="952" ind1=" " ind2=" ">
    <subfield code="0">0</subfield>
    <subfield code="1">0</subfield>
    <subfield code="2">ddc</subfield>
    <subfield code="5">6</subfield>
    <subfield code="7">0</subfield>
    <subfield code="8">DS</subfield>
    <subfield code="a">BNPHU</subfield>
    <subfield code="b">BNPHU</subfield>
    <subfield code="c">HD</subfield>
    <subfield code="d">2023-11-08</subfield>
    <subfield code="e">Donado por Junta Central Electoral</subfield>
    <subfield code="l">0</subfield>
    <subfield code="o">BNPHU DS 324.697293 R426re 2020</subfield>
    <subfield code="p">2025-9875</subfield>
    <subfield code="r">2025-09-10</subfield>
    <subfield code="t">e.3</subfield>
    <subfield code="w">2025-09-10</subfield>
    <subfield code="y">LBS1</subfield>
  </datafield>
  <datafield tag="952" ind1=" " ind2=" ">
    <subfield code="0">0</subfield>
    <subfield code="1">0</subfield>
    <subfield code="2">ddc</subfield>
    <subfield code="5">6</subfield>
    <subfield code="7">0</subfield>
    <subfield code="8">DS</subfield>
    <subfield code="a">BNPHU</subfield>
    <subfield code="b">BNPHU</subfield>
    <subfield code="c">HD</subfield>
    <subfield code="d">2023-11-08</subfield>
    <subfield code="e">Donado por Junta Central Electoral</subfield>
    <subfield code="l">0</subfield>
    <subfield code="o">BNPHU DS 324.697293 R426re 2020</subfield>
    <subfield code="p">2025-9876</subfield>
    <subfield code="r">2025-09-10</subfield>
    <subfield code="t">e.4</subfield>
    <subfield code="w">2025-09-10</subfield>
    <subfield code="y">LBS1</subfield>
  </datafield>
  <datafield tag="952" ind1=" " ind2=" ">
    <subfield code="0">0</subfield>
    <subfield code="1">0</subfield>
    <subfield code="2">ddc</subfield>
    <subfield code="5">6</subfield>
    <subfield code="7">0</subfield>
    <subfield code="8">DS</subfield>
    <subfield code="a">BNPHU</subfield>
    <subfield code="b">BNPHU</subfield>
    <subfield code="c">HD</subfield>
    <subfield code="d">2023-11-08</subfield>
    <subfield code="e">Donado por Junta Central Electoral</subfield>
    <subfield code="l">0</subfield>
    <subfield code="o">BNPHU DS 324.697293 R426re 2020</subfield>
    <subfield code="p">2025-9877</subfield>
    <subfield code="r">2025-09-10</subfield>
    <subfield code="t">e.5</subfield>
    <subfield code="w">2025-09-10</subfield>
    <subfield code="y">LBS1</subfield>
  </datafield>
  <datafield tag="999" ind1=" " ind2=" ">
    <subfield code="c">59872</subfield>
    <subfield code="d">59872</subfield>
  </datafield>
</record>
